U sie'r lapalang a khasi / (Record no. 59674)

MARC details
000 -LEADER
fixed length control field 00607nam a22001697a 4500
005 - DATE AND TIME OF LATEST TRANSACTION
control field 20111220102852.0
020 ## - INTERNATIONAL STANDARD BOOK NUMBER
International Standard Book Number 9788189020316
Terms of availability 80.00
037 ## - SOURCE OF ACQUISITION
Source of stock number/acquisition PUB
245 ## - TITLE STATEMENT
Title U sie'r lapalang a khasi /
Statement of responsibility, etc retold by Kynpham Sing Nongkynrih; art by Maya Ramaswamy
260 ## - PUBLICATION, DISTRIBUTION, ETC. (IMPRINT)
Place of publication, distribution, etc New Delhi
Name of publisher, distributor, etc Katha
Date of publication, distribution, etc 2005
270 ## - ADDRESS
Address A3 Sarvodaya Enclave, Sri Aurobindo Marg,
City New Delhi
Postal code 110017
300 ## - PHYSICAL DESCRIPTION
Extent unpaged
Other physical details ill.
Dimensions 22cm(pbk)
700 ## - ADDED ENTRY--PERSONAL NAME
Personal name Kynpham Sing Nongkynrih
9 (RLIN) 37218
700 ## - ADDED ENTRY--PERSONAL NAME
Personal name Ramaswamy, Maya
9 (RLIN) 37219
942 ## - ADDED ENTRY ELEMENTS (KOHA)
Source of classification or shelving scheme Dewey Decimal Classification
Item type Children Books
Call number suffix USI
Holdings
Withdrawn status Lost status Not for loan Home library Current library Date acquired Cost, normal purchase price Full call number Cost, replacement price Koha item type
    Ordered Andrews Gunj Andrews Gunj 20/12/2011 80.00 USI 80.00 Children Books

© Delhi Public Library
Hit Counter
free hit counter